| 000 | 00000nas 2200000za 4500 |
| 001 | 9.503685 |
| 003 | CaOODSP |
| 005 | 20231123085002 |
| 007 | cr ||||||||||| |
| 008 | 150406d20002006oncar p o ||f0 b0fre|d |
| 020 | |z0662665791|z0662673441|z0662680553|z06627970195|z0662719328 |
| 022 | |a1497-1844 |
| 040 | |aCaOODSP|bfre |
| 043 | |an-cn--- |
| 086 | 1 |aIT1-3F-PDF|zE2-202/2002|zE2-202/2003|zE2-202/2004F |
| 130 | 0 |aPoint sur le commerce en l'an ... (En ligne) |
| 210 | 0 |aPoint commer. |
| 222 | 0|aPoint sur le commerce |
| 245 | 13|aLe point sur le commerce en l'an ... |h[ressource électronique] : |b... rapport annuel sur le commerce international au Canada. |
| 246 | 10|aRapport annuel sur le commerce international au Canada |
| 260 | |a[Ottawa] : |bMinistère des Affaires étrangères et du Commerce international, Direction de l'analyse commerciale et économique, |c2000-2006. |
| 310 | |aAnnuel |
| 362 | 1 |aParaît depuis : 2000 ; ne paraît plus après: 2006. |
| 500 | |aPubl. aussi en anglais sous le titre : Trade update ... annual report on Canada's state of trade. |
| 691 | 07|aCommerce extérieur|2gcpds |
| 710 | 1 |aCanada.|bDirection de l'analyse commerciale et économique. |
| 710 | 1 |aCanada. |bAffaires étrangères et commerce international Canada. |
| 775 | 08|tTrade update |w(CaOODSP)9.507296 |